[Event "Munich Whitsun op-A 3rd"]
[Site "Munich"]
[Date "2025.06.08"]
[Round "2"]
[White "Costa, Leonardo"]
[Black "Tang, Yiheng"]
[Result "1-0"]
[WhiteElo "2541"]
[BlackElo "1997"]
[PlyCount "77"]
[EventDate "2025.06.08"]
[EventType "swiss"]
[EventRounds "9"]
[EventCountry "GER"]
[SourceTitle "CB26_2025"]
[SourceDate "2025.06.25"]
[SourceVersion "1"]
[SourceVersionDate "2025.06.25"]
[SourceQuality "1"]

1. e4 c5 2. Nf3 d6 3. d4 cxd4 4. Nxd4 Nf6 5. Nc3 a6 6. Be2 e5 7. Nb3 Be7 8. 0-0 0-0 9. Re1 Be6 10. Bf3 Qc7 11. a4 h6 12. Be3 Rc8 13. a5 Nbd7 14. h3 Bf8 15. Re2 b6 16. axb6 Nxb6 17. Na5 Rab8 18. Rd2 Nc4 19. Nxc4 Bxc4 20. Qc1 a5 21. Ra4 Rb4 22. Qa1 Be6 23. Rxa5 Rxb2 24. Nb5 Rb1+ 25. Qxb1 Qxa5 26. Nxd6 Ra8 27. Kh2 Qc7 28. Qb7 Qxb7 29. Nxb7 Ra4 30. Rd8 Rc4 31. Nc5 Rxc2 32. Bd1 Rc3 33. Nxe6 fxe6 34. Bd2 Rc4 35. Bb3 Rd4 36. Bxe6+ Kh7 37. Rxf8 Rxd2 38. Bf5+ g6 39. Rf7+ 1-0

[Event "Munich Whitsun op-A 3rd"]
[Site "Munich"]
[Date "2025.06.08"]
[Round "1"]
[White "Odabasi, Ruzgar"]
[Black "Costa, Leonardo"]
[Result "1/2-1/2"]
[WhiteElo "2170"]
[BlackElo "2541"]
[PlyCount "98"]
[EventDate "2025.06.08"]
[EventType "swiss"]
[EventRounds "9"]
[EventCountry "GER"]
[SourceTitle "CB26_2025"]
[SourceDate "2025.06.25"]
[SourceVersion "1"]
[SourceVersionDate "2025.06.25"]
[SourceQuality "1"]

1. d4 Nf6 2. c4 e6 3. Nc3 Bb4 4. Qc2 c5 5. dxc5 0-0 6. a3 Bxc5 7. Nf3 d5 8. Bg5 Be7 9. cxd5 Nxd5 10. Bxe7 Qxe7 11. e3 Nc6 12. Bd3 Nxc3 13. Qxc3 e5 14. Be4 Bd7 15. 0-0 Rfe8 16. b4 Rac8 17. Qb2 Bg4 18. Rac1 Bxf3 19. Bxf3 e4 20. Be2 g6 21. Bb5 Red8 22. Bxc6 Rxc6 23. Rxc6 bxc6 24. Qc2 Rd3 25. Qxc6 Rxa3 26. b5 Rb3 27. h3 Kg7 28. Rd1 h5 29. Qd5 Rb4 30. Rd4 Rb1+ 31. Rd1 Rb4 32. Rd4 Rb1+ 33. Rd1 Rb2 34. Rd2 Rxd2 35. Qxd2 Qc5 36. Qd7 h4 37. Qc6 Qb4 38. Kh2 g5 39. Qd5 Qe7 40. Qd4+ Kg6 41. Kg1 f5 42. Qd5 f4 43. Qg8+ Kh6 44. Qh8+ Kg6 45. Qg8+ Kf6 46. Qd5 Kg7 47. Qf5 fxe3 48. fxe3 Kh6 49. Qd5 Kg7 1/2-1/2

[Event "Karlsruhe Grenke op"]
[Site "Karlsruhe"]
[Date "2025.04.20"]
[Round "6"]
[White "Costa, Leonardo"]
[Black "Nemec, Jachym"]
[Result "1-0"]
[WhiteElo "2510"]
[BlackElo "2428"]
[PlyCount "75"]
[EventDate "2025.04.17"]
[EventType "swiss"]
[EventRounds "9"]
[EventCountry "GER"]
[SourceTitle "CB17_2025"]
[SourceDate "2025.04.23"]
[SourceVersion "1"]
[SourceVersionDate "2025.04.23"]
[SourceQuality "1"]

1. e4 c6 2. d4 d5 3. e5 Bf5 4. Nf3 e6 5. Be2 Nd7 6. 0-0 a5 7. a4 f6 8. c4 fxe5 9. dxe5 Bc5 10. Nbd2 Ne7 11. Nb3 Ba7 12. Bd2 0-0 13. Bxa5 Qe8 14. Bb4 c5 15. Ba3 Ng6 16. cxd5 Nf4 17. Nh4 Be4 18. Bf3 Nh3+ 19. Kh1 Rxf3 20. Nxf3 Bxd5 21. Nbd2 Nf4 22. Rc1 Qg6 23. g3 Nh3 24. Qe2 Rf8 25. Rc3 Qh5 26. Rd3 Bc6 27. Rd6 Bb8 28. Rxc6 bxc6 29. Kg2 Nxe5 30. Ng1 Nf4+ 31. gxf4 Qg6+ 32. Kh1 Rxf4 33. a5 Qh6 34. a6 Ng4 35. h3 Qf6 36. f3 Nh6 37. Ne4 Qg6 38. Rd1 1-0

[Event "Karlsruhe Grenke op"]
[Site "Karlsruhe"]
[Date "2025.04.20"]
[Round "7"]
[White "Subelj, Jan"]
[Black "Costa, Leonardo"]
[Result "1/2-1/2"]
[WhiteElo "2528"]
[BlackElo "2510"]
[PlyCount "73"]
[EventDate "2025.04.17"]
[EventType "swiss"]
[EventRounds "9"]
[EventCountry "GER"]
[SourceTitle "CB17_2025"]
[SourceDate "2025.04.23"]
[SourceVersion "1"]
[SourceVersionDate "2025.04.23"]
[SourceQuality "1"]

1. Nf3 Nf6 2. g3 d5 3. Bg2 e6 4. 0-0 Be7 5. c4 0-0 6. b3 d4 7. d3 c5 8. e4 Nc6 9. e5 Nd7 10. Re1 a6 11. h4 h6 12. Nbd2 Re8 13. h5 Rb8 14. Ne4 b5 15. Bf4 Bb7 16. g4 bxc4 17. bxc4 Ba8 18. Qd2 Rb6 19. g5 hxg5 20. Nexg5 Bf8 21. Ne4 f6 22. exf6 Nxf6 23. Bg5 Be7 24. Bxf6 Bxf6 25. Nxc5 e5 26. Ne4 Ne7 27. Bh3 Rf8 28. Nfg5 Qe8 29. Qe2 Bxg5 30. Nxg5 Rh6 31. Bg4 Ng6 32. Nh3 Qc6 33. f3 Nf4 34. Nxf4 Rxf4 35. Qg2 Qf6 36. Rf1 Bc6 37. Rab1 1/2-1/2

[Event "Karlsruhe Grenke op"]
[Site "Karlsruhe"]
[Date "2025.04.18"]
[Round "3"]
[White "Colin, Vincent"]
[Black "Costa, Leonardo"]
[Result "0-1"]
[WhiteElo "2294"]
[BlackElo "2510"]
[PlyCount "88"]
[EventDate "2025.04.17"]
[EventType "swiss"]
[EventRounds "9"]
[EventCountry "GER"]
[SourceTitle "CB17_2025"]
[SourceDate "2025.04.23"]
[SourceVersion "1"]
[SourceVersionDate "2025.04.23"]
[SourceQuality "1"]

1. d4 Nf6 2. c4 e6 3. Nc3 Bb4 4. Nf3 0-0 5. e3 c5 6. Bd3 Nc6 7. 0-0 Bxc3 8. bxc3 d6 9. Nd2 e5 10. d5 Ne7 11. h3 Ne8 12. e4 Ng6 13. Nf3 h6 14. Kh2 f5 15. exf5 Bxf5 16. Bxf5 Rxf5 17. Be3 Qd7 18. Nd2 Nf4 19. Ne4 Rd8 20. Rb1 Nf6 21. Ng3 Rg5 22. Rb2 Rf8 23. Qb3 b6 24. Qb5 Qf7 25. f3 Qg6 26. Bxf4 exf4 27. Nh1 Re8 28. Rd2 Re3 29. Qc6 Kh7 30. Kg1 Ng8 31. Qd7 Ne7 32. h4 Rh5 33. Qg4 Qxg4 34. fxg4 Rxh4 35. Nf2 Ng6 36. Rc2 Ne5 37. Nd1 Re4 38. Nf2 Rxc4 39. Re1 Nxg4 40. Nd1 Ne3 41. Nxe3 fxe3 42. Rxe3 Rhd4 43. Re7 Rxd5 44. Rxa7 b5 0-1

[Event "Bundesliga 2425"]
[Site "Germany"]
[Date "2025.03.23"]
[Round "11.5"]
[White "Costa, Leonardo"]
[Black "Johansson, Linus"]
[Result "1-0"]
[WhiteElo "2472"]
[BlackElo "2416"]
[PlyCount "119"]
[EventDate "2024.09.28"]
[EventType "team-tourn"]
[EventRounds "15"]
[EventCountry "GER"]
[SourceTitle "CB13_2025"]
[SourceDate "2025.03.26"]
[SourceVersion "1"]
[SourceVersionDate "2025.03.26"]
[SourceQuality "1"]
[WhiteTeam "Hamburger SK"]
[BlackTeam "Bayern Muenchen"]
[WhiteTeamCountry "GER"]
[BlackTeamCountry "GER"]

1. e4 e6 2. d4 d5 3. e5 c5 4. c3 Nc6 5. Nf3 Bd7 6. Be2 f6 7. 0-0 fxe5 8. Nxe5 Nxe5 9. dxe5 Qc7 10. Re1 0-0-0 11. Bf1 Ne7 12. a4 Ng6 13. Na3 Kb8 14. b4 d4 15. cxd4 cxb4 16. Nb5 Qa5 17. Bg5 Be7 18. Bxe7 Nxe7 19. Nd6 Rhf8 20. Qd2 Bc6 21. Bb5 Bxb5 22. axb5 Qb6 23. Qxb4 Nf5 24. Qc5 Nxd6 25. Qxb6 axb6 26. exd6 Rxd6 27. f3 Rf5 28. Rab1 Rfd5 29. Rb4 Kc7 30. Re4 Kd8 31. Kf2 Ke7 32. g4 Rd8 33. f4 Kf7 34. Ke3 h5 35. h3 Ra8 36. Rb3 hxg4 37. hxg4 Rh8 38. Kf2 Rh2+ 39. Kg3 Rc2 40. Rbe3 Rd6 41. d5 Rxd5 42. Rxe6 Rxb5 43. Re7+ Kf8 44. Re8+ Kf7 45. R3e7+ Kf6 46. Re6+ Kf7 47. R8e7+ Kf8 48. Rxb7 g5 49. Rf6+ Ke8 50. fxg5 Rb3+ 51. Kf4 Rc4+ 52. Kf5 Rb5+ 53. Kg6 Rxg4 54. Rf5 Rxf5 55. Kxf5 Rg1 56. Kf6 Rf1+ 57. Kg7 Rb1 58. g6 b5 59. Kh8 b4 60. Rh7 1-0

[Event "Wch U20 62nd"]
[Site "Petrovac"]
[Date "2025.03.03"]
[Round "7"]
[White "Amartuvshin, Ganzorig"]
[Black "Costa, Leonardo"]
[Result "0-1"]
[WhiteElo "2391"]
[BlackElo "2503"]
[PlyCount "84"]
[EventDate "2025.02.25"]
[EventType "swiss"]
[EventRounds "11"]
[EventCountry "MNE"]
[SourceTitle "CB11_2025"]
[SourceDate "2025.03.12"]
[SourceVersion "1"]
[SourceVersionDate "2025.03.12"]
[SourceQuality "1"]

1. d4 d5 2. c4 e6 3. Nc3 Nf6 4. cxd5 exd5 5. Bg5 c6 6. e3 Bd6 7. Bd3 0-0 8. Nge2 Re8 9. Qd2 Nbd7 10. f3 h6 11. Bh4 Ne4 12. fxe4 Qxh4+ 13. g3 Qe7 14. 0-0 dxe4 15. Nxe4 Bc7 16. Rf3 Nb6 17. Raf1 Rf8 18. Nf2 Be6 19. Bb1 Rad8 20. Qc2 g6 21. b3 c5 22. dxc5 Nd7 23. Nd4 Ne5 24. Rf4 Bd5 25. Ne4 Nd7 26. Rh4 f5 27. Nc3 Qxe3+ 28. Rf2 Qe1+ 29. Rf1 Qe3+ 30. Rf2 Ne5 31. Nd1 Qg5 32. Rhf4 Nc6 33. Nf3 Qf6 34. Rh4 Rfe8 35. Qc3 Ne5 36. Nd4 Bc6 37. b4 Nf3+ 38. Rxf3 Bxf3 39. Ne3 Qe5 40. Kf2 Bc6 41. Nc4 Qg7 42. Ne3 f4 0-1

[Event "Wch U20 62nd"]
[Site "Petrovac"]
[Date "2025.02.28"]
[Round "4"]
[White "Wong, Zhenyong Jayden"]
[Black "Costa, Leonardo"]
[Result "0-1"]
[WhiteElo "2393"]
[BlackElo "2503"]
[PlyCount "84"]
[EventDate "2025.02.25"]
[EventType "swiss"]
[EventRounds "11"]
[EventCountry "MNE"]
[SourceTitle "CB11_2025"]
[SourceDate "2025.03.12"]
[SourceVersion "1"]
[SourceVersionDate "2025.03.12"]
[SourceQuality "1"]

1. d4 d5 2. c4 e6 3. Nf3 Nf6 4. Nc3 c6 5. Bg5 dxc4 6. e4 b5 7. e5 h6 8. Bh4 g5 9. Nxg5 hxg5 10. Bxg5 Be7 11. exf6 Bxf6 12. Bxf6 Qxf6 13. g3 Bb7 14. Bg2 Na6 15. a4 0-0-0 16. axb5 cxb5 17. Bxb7+ Kxb7 18. Nxb5 e5 19. d5 Nc5 20. Qe2 Nd3+ 21. Kf1 Rxd5 22. Nc3 Rd4 23. Kg2 Qc6+ 24. f3 Rg8 25. Qe3 Qb6 26. Ra2 Rgd8 27. Ne2 R4d5 28. Qxb6+ axb6 29. Nc3 R5d7 30. h4 Nb4 31. Ra4 Rd2+ 32. Kh3 Nd3 33. Rf1 Rxb2 34. h5 b5 35. Nxb5 Rxb5 36. Rxc4 Rb2 37. Kh4 Rg8 38. Rh1 f5 39. Rc3 Rb4+ 40. g4 Rbxg4+ 41. fxg4 Rxg4+ 42. Kh3 Nf4+ 0-1

[Event "Wch U20 62nd"]
[Site "Petrovac"]
[Date "2025.02.27"]
[Round "3"]
[White "Costa, Leonardo"]
[Black "Hommadov, Amanmuhammet"]
[Result "1-0"]
[WhiteElo "2503"]
[BlackElo "2265"]
[PlyCount "99"]
[EventDate "2025.02.25"]
[EventType "swiss"]
[EventRounds "11"]
[EventCountry "MNE"]
[SourceTitle "CB11_2025"]
[SourceDate "2025.03.12"]
[SourceVersion "1"]
[SourceVersionDate "2025.03.12"]
[SourceQuality "1"]

1. e4 c5 2. Nf3 Nc6 3. Bb5 e6 4. Bxc6 bxc6 5. d3 Ne7 6. Nbd2 Qc7 7. h4 e5 8. h5 f6 9. Qe2 d5 10. Nh2 g5 11. Ng4 Kf7 12. Qf3 Qd6 13. Nf1 h6 14. Ng3 d4 15. b3 Qe6 16. Nh2 Bd7 17. a4 Nc8 18. Ba3 Rh7 19. Qe2 Kg8 20. Nhf1 Rf7 21. Nf5 Kh7 22. Nd2 Rb8 23. f3 Qe8 24. Ng3 Nb6 25. Nc4 Na8 26. Bc1 Nc7 27. Bd2 Rg7 28. Ba5 Ne6 29. Nf5 Rg8 30. g3 Qc8 31. 0-0-0 Be8 32. Rdf1 Qd7 33. Bd2 Bf7 34. Kb2 Qc7 35. Ka2 Re8 36. Rf2 Qb8 37. Qf1 Qc7 38. Qc1 Qb8 39. f4 gxf4 40. gxf4 Nxf4 41. Nh4 Rg4 42. Ng6 Bxc4 43. dxc4 Bd6 44. Rhf1 Nxh5 45. Qd1 Qc8 46. Rh1 Rxg6 47. Qxh5 Bf8 48. Rg2 Rxg2 49. Qf7+ Kh8 50. Bxh6 1-0

[Event "Bundesliga 2425"]
[Site "Germany"]
[Date "2025.01.12"]
[Round "6.7"]
[White "Costa, Leonardo"]
[Black "Kovacevic, Aleksandar"]
[Result "1/2-1/2"]
[WhiteElo "2472"]
[BlackElo "2479"]
[PlyCount "119"]
[EventDate "2024.09.28"]
[EventType "team-tourn"]
[EventRounds "15"]
[EventCountry "GER"]
[SourceTitle "CB06_2025"]
[SourceDate "2025.02.05"]
[SourceVersion "1"]
[SourceVersionDate "2025.02.05"]
[SourceQuality "1"]
[WhiteTeam "Hamburger SK"]
[BlackTeam "Kirchweyhe"]
[WhiteTeamCountry "GER"]
[BlackTeamCountry "GER"]

1. e4 c5 2. Nf3 e6 3. d4 cxd4 4. Nxd4 a6 5. Nc3 b5 6. Bd3 Bb7 7. 0-0 Nc6 8. Nxc6 Bxc6 9. Re1 Ne7 10. Bf1 Ng6 11. Be3 f6 12. Nd5 Kf7 13. c4 bxc4 14. Nb6 Bb4 15. Nxa8 Bxe1 16. Nb6 Bb4 17. Bxc4 Qc7 18. Rc1 Ba5 19. Na4 Bb4 20. Nc5 Bxc5 21. Bxc5 Qb7 22. b4 Ne5 23. Bf1 Bb5 24. f4 Nc6 25. Qh5+ g6 26. Qh4 Qc7 27. Bxb5 axb5 28. Rd1 h5 29. e5 Qd8 30. Rxd7+ Qxd7 31. Qxf6+ Kg8 32. Qxg6+ Qg7 33. Qxe6+ Kh7 34. Qxc6 Rd8 35. Bd6 Qa7+ 36. Qc5 Qxc5+ 37. Bxc5 Kg6 38. e6 Ra8 39. g3 Rxa2 40. h3 Kf5 41. e7 Ra8 42. Kg2 h4 43. Kf3 hxg3 44. Kxg3 Rg8+ 45. Kf3 Rh8 46. h4 Ke6 47. h5 Kf7 48. Kg4 Rg8+ 49. Kf5 Rh8 50. Kg5 Rg8+ 51. Kf5 Rh8 52. Ke5 Rxh5+ 53. Kd6 Ke8 54. Kc6 Rf5 55. Kxb5 Kd7 56. Ka6 Rxf4 57. b5 Ra4+ 58. Kb7 Ra5 59. Kb6 Ra4 60. Kb7 1/2-1/2

[Event "Bundesliga 2425"]
[Site "Germany"]
[Date "2025.01.11"]
[Round "5.7"]
[White "Dinstuhl, Volkmar"]
[Black "Costa, Leonardo"]
[Result "1/2-1/2"]
[WhiteElo "2384"]
[BlackElo "2472"]
[PlyCount "137"]
[EventDate "2024.09.28"]
[EventType "team-tourn"]
[EventRounds "15"]
[EventCountry "GER"]
[SourceTitle "CB06_2025"]
[SourceDate "2025.02.05"]
[SourceVersion "1"]
[SourceVersionDate "2025.02.05"]
[SourceQuality "1"]
[WhiteTeam "Muelheim Nord"]
[BlackTeam "Hamburger SK"]
[WhiteTeamCountry "GER"]
[BlackTeamCountry "GER"]

1. b3 Nf6 2. Bb2 d5 3. Nf3 e6 4. c4 Be7 5. e3 0-0 6. Be2 c5 7. 0-0 dxc4 8. bxc4 b6 9. d3 Bb7 10. Nbd2 Nc6 11. Ne5 Nxe5 12. Bxe5 Nd7 13. Bb2 Bf6 14. Bxf6 Qxf6 15. Bf3 Bxf3 16. Nxf3 Rfd8 17. Qe2 Nb8 18. Rab1 Nc6 19. Rfc1 h6 20. Rb3 Rd7 21. h3 Rad8 22. Ne1 e5 23. a3 Qe6 24. Qc2 f5 25. Rc3 Rd6 26. Qe2 g6 27. Nf3 e4 28. dxe4 fxe4 29. Nh2 Ne5 30. Nf1 h5 31. Qc2 Nd3 32. Rd1 Kh7 33. f4 a6 34. Rb1 Rg8 35. Ng3 h4 36. Ne2 Qf6 37. Rf1 b5 38. cxb5 axb5 39. Rb3 b4 40. axb4 cxb4 41. Nd4 Rg7 42. f5 Rf7 43. Qc4 Rdd7 44. Rbb1 Qg5 45. fxg6+ Qxg6 46. Ne6 Ne5 47. Qa2 b3 48. Rxf7+ Rxf7 49. Qxb3 Qg3 50. Kh1 Nf3 51. gxf3 Qxf3+ 52. Kg1 Qg3+ 53. Kh1 Qxh3+ 54. Kg1 Qg3+ 55. Kh1 Qh3+ 56. Kg1 Qg4+ 57. Kh1 Rf3 58. Nf4 Qd7 59. Qb7 Qxb7 60. Rxb7+ Kh6 61. Nd5 Kg5 62. Rg7+ Kf5 63. Kg2 Ke6 64. Rg5 Kd6 65. Rh5 Ke6 66. Nf4+ Kd6 67. Nd5 Ke6 68. Nf4+ Kd6 69. Nd5 1/2-1/2

[Event "Bayern-chI Bank Hofmann 27th"]
[Site "Gmund am Tegernsee"]
[Date "2024.10.31"]
[Round "6"]
[White "Costa, Leonardo"]
[Black "Arnold, Max"]
[Result "1-0"]
[WhiteElo "2472"]
[BlackElo "2254"]
[PlyCount "89"]
[EventDate "2024.10.26"]
[EventType "swiss"]
[EventRounds "9"]
[EventCountry "GER"]
[SourceTitle "CB45_2024"]
[Source "ChessBase"]
[SourceDate "2024.11.06"]
[SourceVersion "1"]
[SourceVersionDate "2024.11.06"]
[SourceQuality "1"]

1. e4 c5 2. Nf3 e6 3. d4 cxd4 4. Nxd4 Nc6 5. Nc3 Qc7 6. Be3 a6 7. Qf3 h5 8. 0-0-0 b5 9. Qg3 Qxg3 10. hxg3 Bc5 11. Kb1 Bxd4 12. Bxd4 Nxd4 13. Rxd4 Bb7 14. a4 bxa4 15. Rxa4 Ke7 16. g4 Nf6 17. gxh5 Rxh5 18. Rxh5 Nxh5 19. e5 g5 20. g3 f6 21. Be2 Ng7 22. exf6+ Kxf6 23. Ne4+ Bxe4 24. Rxe4 Ne8 25. Kc1 d5 26. Rb4 a5 27. Ra4 Nc7 28. Kd2 e5 29. Ra3 e4 30. Rc3 Ra7 31. Rc6+ Kf5 32. Rd6 Ke5 33. Rd7 Ke6 34. Bg4+ Ke5 35. Rf7 Nb5 36. Rf5+ Kd6 37. Rxg5 Nd4 38. c3 Nb3+ 39. Ke3 Rb7 40. Rg6+ Kc5 41. Ra6 Nc1 42. Rxa5+ Kc4 43. Be6 Rxb2 44. Bxd5+ Kxc3 45. Rc5+ 1-0

[Event "Bayern-chI Bank Hofmann 27th"]
[Site "Gmund am Tegernsee"]
[Date "2024.10.27"]
[Round "2"]
[White "Costa, Leonardo"]
[Black "Lederle, Vitus"]
[Result "1-0"]
[WhiteElo "2472"]
[BlackElo "2157"]
[PlyCount "87"]
[EventDate "2024.10.26"]
[EventType "swiss"]
[EventRounds "9"]
[EventCountry "GER"]
[SourceTitle "CB45_2024"]
[Source "ChessBase"]
[SourceDate "2024.11.06"]
[SourceVersion "1"]
[SourceVersionDate "2024.11.06"]
[SourceQuality "1"]

1. e4 c5 2. Nf3 e6 3. d4 cxd4 4. Nxd4 Nf6 5. Nc3 Nc6 6. Ndb5 Bc5 7. Bf4 0-0 8. Bc7 Qe7 9. Bd6 Bxd6 10. Qxd6 Ne8 11. Qxe7 Nxe7 12. 0-0-0 f5 13. Nd6 Nxd6 14. Rxd6 fxe4 15. Nxe4 Nf5 16. Rd2 d5 17. Ng5 Nh4 18. g3 Nf3 19. Nxf3 Rxf3 20. Bg2 Rf7 21. f4 g6 22. h4 h5 23. Re1 Rc7 24. Bf1 Bd7 25. Re5 Rf8 26. Bd3 Rf6 27. Rg2 Be8 28. Kd2 a6 29. Rge2 Kf7 30. R2e3 Bc6 31. Bf1 Bd7 32. Rc3 Rxc3 33. Kxc3 Ke7 34. Kd4 Kd6 35. Bd3 Bc6 36. b4 Bd7 37. Rg5 Be8 38. a4 Bf7 39. a5 Be8 40. c3 Bf7 41. c4 dxc4 42. Bxc4 Be8 43. Bd3 Ke7 44. Be4 1-0

[Event "Weissenhaus YM"]
[Site "Wangels"]
[Date "2024.10.15"]
[Round "2"]
[White "Costa, Leonardo"]
[Black "Sethuraman, SP."]
[Result "0-1"]
[WhiteElo "2472"]
[BlackElo "2576"]
[PlyCount "74"]
[EventDate "2024.10.14"]
[EventType "tourn"]
[EventRounds "9"]
[EventCountry "GER"]
[EventCategory "10"]
[SourceTitle "CB43_2024"]
[Source "Chessbase"]
[SourceDate "2024.10.23"]
[SourceVersion "1"]
[SourceVersionDate "2024.10.23"]
[SourceQuality "1"]

1. e4 c5 2. Nf3 d6 3. d4 cxd4 4. Nxd4 Nf6 5. Nc3 a6 6. Rg1 h5 7. Bg5 Nbd7 8. Bc4 e6 9. Qe2 b5 10. Bb3 b4 11. Nd5 Bb7 12. 0-0-0 exd5 13. exd5+ Be7 14. Nf5 Kf8 15. Rge1 Ne5 16. Qd2 Ng6 17. Qxb4 Qd7 18. Rxe7 Nxe7 19. Nxd6 Bc8 20. Nxf7 Kxf7 21. d6+ Kg6 22. Bxf6 Nc6 23. Qe4+ Qf5 24. Qxc6 Bd7 25. Qc4 Qxf6 26. a4 Rhc8 27. Qe2 Rab8 28. Rd5 Bg4 29. Qe3 Rxb3 30. Qxb3 Qxf2 31. Kb1 Bf5 32. Ka2 Bxc2 33. Qb7 Be4 34. Rg5+ Kxg5 35. h4+ Kg6 36. Qxe4+ Qf5 37. d7 Rd8 0-1

[Event "German Masters 95th"]
[Site "Ostfildern"]
[Date "2024.08.27"]
[Round "9"]
[White "Costa, Leonardo"]
[Black "Kollars, Dmitrij"]
[Result "1/2-1/2"]
[WhiteElo "2481"]
[BlackElo "2656"]
[PlyCount "45"]
[EventDate "2024.08.19"]
[EventType "tourn"]
[EventRounds "9"]
[EventCountry "GER"]
[EventCategory "13"]
[SourceTitle "CBM 221 Extra"]
[Source "ChessBase"]
[SourceDate "2024.09.30"]
[SourceVersion "1"]
[SourceVersionDate "2024.09.30"]
[SourceQuality "1"]

1. e4 e5 2. Nf3 Nc6 3. Bb5 a6 4. Ba4 Nf6 5. 0-0 Be7 6. d3 b5 7. Bb3 d6 8. a3 Na5 9. Ba2 c5 10. Nc3 Be6 11. Nh4 Ra7 12. Nf5 Bxf5 13. exf5 d5 14. Bg5 Rd7 15. Re1 Nc6 16. a4 b4 17. Ne2 0-0 18. Ng3 h6 19. Bxf6 Bxf6 20. Qg4 Nd4 21. Qd1 Nc6 22. Qg4 Nd4 23. Qd1 1/2-1/2